Statistieken voor Geheime Route door Europese Hoofdsteden

Klik hier om de quiz te nemen!

Algemene statistieken

  • Deze quiz is 769 keer genomen
  • De gemiddelde score is 10 van 16

Antwoorden op de kaart

Antwoorden kleurgecodeerd door een groen-rode schaal op de quizkaart volgens % correct hieronder.
 

Antwoordstatistieken

#Hoofdstad% Correct
StartKopenhagen
99%
1Parijs
98%
2Dublin
96%
4Madrid
79%
5Athene
78%
3Andorra la Vella
77%
6Chisinau
63%
7Boekarest
61%
8Sarajevo
56%
9Boedapest
53%
10Praag
50%
11Riga
47%
12Stockholm
46%
FinishKiev
45%
13Moskou
45%
14Warschau
43%

Scoreverdeling

Percentiel versus Aantal Correcte Antwoorden

Procent van Mensen met Elke Score

Uw Scoregeschiedenis

U heeft deze quiz nog niet genomen